000 00407nab a2200145Ia 4500
003 ES-SlBCS
005 20210601124925.0
008 140529s1982 xxu||||| |||| 00| 0 eng d
041 _aeng
100 1 _aPutman, Daniel
_9132809
245 0 0 _aNatural Kinds and Human Artifacts
_c Daniel Putman
650 0 4 _aNaturaleza Humana
_9133291
773 0 _tMind
_gvol. 91, 1982, págs. 418-419
_wRev1408
942 _cAR
999 _c521772
_d521772